College Football Color-Swap: The American - Statistics

General Stats
  • This quiz has been taken 83 times
  • The average score is 12 of 15
Answer Stats
Question Answer % Correct
Choose the correct logo:
94%
Choose the correct logo:
94%
Choose the correct logo:
92%
Choose the correct logo:
90%
Choose the correct logo:
88%
Choose the correct logo:
83%
Choose the correct logo:
83%
Choose the correct logo:
81%
Choose the correct logo:
79%
Choose the correct logo:
79%
Choose the correct logo:
77%
Choose the correct logo:
77%
Choose the correct logo:
71%
Choose the correct logo:
69%
Choose the correct logo:
67%
No matching quizzes found
Score Distribution
Percent of People with Each Score
Percentile by Number Answered
Your Score History
You have not taken this quiz